000 00356 a2200169 4500
001 183240
020 _a85-322-1455-X
040 _cMagnum
100 _aAzevedo, Álvares de
240 1 0 _aLira dos Vinte Anos
_lpor
245 1 0 _aLira dos Vinte Anos
300 _a270
362 0 _a1994
440 1 _aFTD
697 _aLITERATURA GERAL
942 _cBK
999 _c183240
_d183240